| 000 | 00366nam a2200133Ia 4500 | ||
|---|---|---|---|
| 005 | 20260328104259.0 | ||
| 008 | 260328s9999||||xx |||||||||||||| ||und|| | ||
| 100 | _aChávez Giraldo, Juan David | ||
| 245 | 0 |
_aEl Péndulo del hogar / _cJuan David Chávez Giraldo |
|
| 260 | _bUniversidad Nacional de Colombia | ||
| 300 | _a200 p. | ||
| 650 | _aCOLOMBIA | ||
| 942 | _cBK | ||
| 999 |
_c10538 _d10538 |
||